banner-ar

ديوان الشافعى: حبر الامة وامام الائمة / (Record no. 51741)

MARC details
000 -الفاتح
حقل البيانات ثابتة الطول 00900nam a2200217Ia 4500
005 - وقت وتاريخ اخر تعامل مع التسجيلة
رقم الضبط 20240530104919.0
008 - عناصر البيانات ثابتة الطول - معلومات عامة
حقل البيانات ثابتة الطول 140319s9999 xx 000 0 ara d
020 ## - الرقم الدولى المعيارى للكتب
الرقم الدولى المعيارى للكتاب 0075035977
040 ## - مصدر الفهرسة
وكالة الفهرسة الأصلية GCL /
وكالة النسخ GCL
082 04 - رقم تصنيف ديوى العشرى
رقم التصنيف 811.062
رقم المادة ش د
100 1# - المدخل الرئيسى - إسم شخصى
الإسم الشخصى الشافعى، ابوعبدالله محمد بن ادريس
245 10 - بيان العنوان
العنوان ديوان الشافعى: حبر الامة وامام الائمة /
بيان المسئوليه,etc تاليف الشافعى، ابوعبدالله محمد بن ادريس ؛ محقق محمد عبدالمنعم خفاجى
260 ## - PUBLICATION, DISTRIBUTION, ETC. (IMPRINT)
تاريخ النشر أو التوزيع د ت
300 ## - الوصف المادى
التعداد 127 ص ؛
أبعاد الوعاء 22 سم
650 04 - المدخل الاضافى بالموضوع-مصطلح موضوعى
مصطلح موضوعي الشعر العربى
650 04 - المدخل الاضافى بالموضوع-مصطلح موضوعى
مصطلح موضوعي الشعر العربى - دواوين وقصائد
650 04 - المدخل الاضافى بالموضوع-مصطلح موضوعى
مصطلح موضوعي الشافعى , ابوعبدالله محمد
700 1# - المدخل الاضافى - اسم شخصى
الإسم الشخصى محمد عبدالمنعم خفاجى
رمز الرابط محقق
942 ## - عناصر المدخل الإضافي( كوها)
مصدر التصنيف او مخطط الترفيف Dewey Decimal Classification
Koha [default] item type كتاب
260 ## - PUBLICATION, DISTRIBUTION, ETC. (IMPRINT)
-- بيروت :
-- دار ابن زيدون ،
Holdings
حالة التراجع حالة الفقد حالة تلف ليس للاعارة المكان المؤقت الموقع الحالى تاريخ الاكتساب اجمالي اﻻعارات رقم الطلب الباركود تاريخ اخر مشاهدة تاريخ تفعيل السعر نوع وعاء كوها
        مكتبة القاهرة الكبرى مكتبة القاهرة الكبرى 03/26/2014   811.062\ش د 123791 03/26/2014 03/26/2014 كتاب
        مكتبة القاهرة الكبرى مكتبة القاهرة الكبرى 03/26/2014   811.062\ش د 123792 03/26/2014 03/26/2014 كتاب

Powered By

EGPV